LDR 00886nam a2200241 i 4500 001 000000180326 003 CaOOAMICUS 005 20090706000000.0 008 090706s1943 it u000 u ita u 013 $a157971 040 $aSeMil$bita 100 1 $aRosmini, Antonio,$c
.$0(OLS)http://semarc/name/405 245 10$a2 /$cAntonio Rosmini. 260 $aMilano :$bFratelli Bocca,$c1943. 300 $a286 p. ;$c25 cm. 500 $aEd. di 800 copie num. 773 0 $aRosmini, Antonio
$tLogica.$dMilano : Fratelli Bocca, 1942-1943.$w()21630 850 $aSeMil 852 $aSeMil$W1$xVenegono$y1$m2QA A 23$j272486$B131075$CSeMilBibl$Z2$F142976 $81 900 1 $aRosmini Serbati, Antonio. 996 $6245$a2$9(OLS)http://semarc/title/46890 996 $6260$aMilano :$bFratelli Bocca$9(OLS)http://semarc/publisher/32243